Kettős állampolgárság az Európai Unióban

Elmentve itt :
Bibliográfiai részletek
Szerző: Nagy Viktória
További közreműködők: Schiffner Imola (Témavezető)
Dokumentumtípus: Szakdolgozat
Megjelent: 2016
Tárgyszavak:
Online Access:http://diploma.bibl.u-szeged.hu/85452
LEADER 00723nta a2200181 i 4500
001 dipl85452
005 20200528063342.0
008 200527s2016 hu om 0|| hun d
040 |a SZTE Diploma Repozitórium  |b hun 
041 |a hun 
100 1 |a Nagy Viktória 
245 1 0 |a Kettős állampolgárság az Európai Unióban  |h [elektronikus dokumentum] /  |c Viktória Nagy 
246 1 0 |a Dual citizenship in the European Union  |h [elektronikus dokumentum] 
260 |c 2016 
650 4 |a Jogi és igazgatási tanulmányok 
650 4 |a Global and transnational governance, international law, human rights 
700 1 |a Schiffner Imola  |e ths 
856 4 0 |u http://diploma.bibl.u-szeged.hu/id/eprint/85452/1/2016_nagy_viktoria.pdf  |z Dokumentum-elérés